| 000 | 01130nam a22002657i 4500 | ||
|---|---|---|---|
| 999 |
_c22761 _d22761 |
||
| 003 | AR-CdUCM | ||
| 008 | 240117b20202020pe ||||| |||| 00| 0 spa d | ||
| 020 | _a978-612-4392-33-7 | ||
| 040 |
_aMUNICIPALIDAD PROVINCIAL DEL CUSCO _cBIBLIOTECA MUNICIPAL DEL CUSCO |
||
| 041 | _hspa | ||
| 082 |
_a301.2 / A69 _bA69 |
||
| 100 |
_aArenas Sotelo, Eric _949318 |
||
| 245 |
_aEnsayos y reflexiones desde la investigación e intervenciones en Psicología Social Comunitaria : _b(Sociedad y cultura) / |
||
| 260 |
_aCusco : _bUniversidad Andina del Cusco, _c2020 |
||
| 300 |
_a112 páginas. : _c25 cm. |
||
| 500 | _zBibliografía, páginas 94-97 | ||
| 505 | _aInvestigación cualitativa en psicología -- Salud mental comunitaria de una población afectada por el conflicto armado -- Desde La problematización hasta la empatía -- Participación de las mujeres en una comunidad posconflicto. | ||
| 650 |
_aPsicología social _94539 |
||
| 650 |
_aSalud mental _99455 |
||
| 650 |
_aSalud mental comunitaria _949319 |
||
| 650 |
_aEmpatía _949320 |
||
| 856 | _fwww.uandina.edu.pe | ||
| 942 |
_2ddc _cLIBROS |
||
| 945 |
_apbj _d17-01-2024 |
||